Development of new Object Recoloring Technique / (Record no. 541073)

000 -LEADER
fixed length control field 00458nam a22001457a 4500
082 ## - DEWEY DECIMAL CLASSIFICATION NUMBER
Classification number 004
100 ## - MAIN ENTRY--PERSONAL NAME
Personal name Shahzadi, Aisha
245 ## - TITLE STATEMENT
Title Development of new Object Recoloring Technique /
Statement of responsibility, etc. Aisha Shahzadi
260 ## - PUBLICATION, DISTRIBUTION, ETC.
Place of publication, distribution, etc. Islamabad :
Name of publisher, distributor, etc. MCS - NUST,
Date of publication, distribution, etc. 2017.
300 ## - PHYSICAL DESCRIPTION
Extent 57 p. ;
Dimensions 30cm.
650 ## - SUBJECT ADDED ENTRY--TOPICAL TERM
Topical term or geographic name entry element Computer Software Engineering-MS-Thesis
700 ## - ADDED ENTRY--PERSONAL NAME
Personal name Dr. Abdul Ghafoor
942 ## - ADDED ENTRY ELEMENTS (KOHA)
Source of classification or shelving scheme
Koha item type Thesis
650 ## - SUBJECT ADDED ENTRY--TOPICAL TERM
-- 16105
700 ## - ADDED ENTRY--PERSONAL NAME
-- 16207
Holdings
Withdrawn status Lost status Source of classification or shelving scheme Damaged status Not for loan Permanent Location Current Location Shelving location Date acquired Full call number Barcode Checked out Date last seen Price effective from Koha item type Total Checkouts
          Central Library (CL) Central Library (CL) Thesis 11/19/2020 004 CL-T-1355   11/19/2020 11/19/2020 Thesis  
          Central Library (CL) Central Library (CL) Thesis 11/19/2020 004 CL-T-1436   11/19/2020 11/19/2020 Thesis  
© 2023 Central Library, National University of Sciences and Technology. All Rights Reserved.